Lễ tang của người Raglai cực nam Trung bộ

Nội dung giới thiệu khái quát về người Raglai ở cực nam Trung Bộ, lễ tang của người Raglai.

Zapisane w:
Opis bibliograficzny
1. autor: Hải Liên
Format: Książka
Język:Undetermined
Wydane: Hà Nội Văn hóa Dân tộc 2010
Hasła przedmiotowe:
Etykiety: Dodaj etykietę
Nie ma etykietki, Dołącz pierwszą etykiete!
Thư viện lưu trữ: Trung tâm Học liệu Trường Đại học Cần Thơ
LEADER 00768nam a2200217Ia 4500
001 CTU_164104
008 210402s9999 xx 000 0 und d
082 |a 393.597 
082 |b H103 
100 |a Hải Liên 
245 0 |a Lễ tang của người Raglai cực nam Trung bộ 
245 0 |c Hải Liên 
260 |a Hà Nội 
260 |b Văn hóa Dân tộc 
260 |c 2010 
520 |a Nội dung giới thiệu khái quát về người Raglai ở cực nam Trung Bộ, lễ tang của người Raglai. 
650 |a Manners and customs,Phong tục tập quán 
650 |x Death,Tang ma 
650 |z Vietnam,Việt Nam 
904 |i Qhieu 
980 |a Trung tâm Học liệu Trường Đại học Cần Thơ